000 00646nam a2200265Ia 4500
005 20260121161425.0
008 008 260114s9999 xx 000 0 eng d
020 _a9780203422946
037 _aEBOOK
040 _aCRL
040 _beng
040 _cCRL
041 _2eng
041 _aeng
084 _qCRL
100 _aDignity and Daily Bread
_91044565
245 0 _aSheila Rowbotham; Swasti Mitter
260 _bTaylor and Francis
260 _c1994
650 _aGender Studies
_91044566
856 _uhttp://www.taylorfrancis.com/books/9780203422946
942 _cEBOOK
999 _c1610690
_d1610690